Ivories from room SW 37, Fort Shalmaneser /

محفوظ في:

المؤلف الرئيسي: Herrmann, Georgina.

مؤلف مشترك: British School of Archaeology in Iraq.

التنسيق: كتاب

اللغة: English

منشور في: London : British School of Archaeology in Iraq, 1986.

سلاسل: Ivories from Nimrud (1949-1963) ; 4/1-2.

الموضوعات:

الوسوم: إضافة وسم

لا توجد وسوم, كن أول من يضع وسما على هذه التسجيلة!

رقم الطلب: ( F )NK5973.6 .I718 v.4/1-2

LEADER 01134cam a2200325 a 4500
001 4838011
003 OSt
005 20240219112645.0
008 900125s1986 enka bc 001 0 eng
999 |c 56832  |d 56832 
010 |a  90108732  
020 |a 0903472104 
040 |c ARCE Library 
043 |a a-sy---  |a a-is---  |a a-iq--- 
050 4 |a ( F )NK5973.6 .I718 v.4/1-2 
100 1 |a Herrmann, Georgina. 
245 1 0 |a Ivories from room SW 37, Fort Shalmaneser /  |c by Georgina Herrmann. 
260 |a London :  |b British School of Archaeology in Iraq,  |c 1986. 
300 |a 2 v. :  |b ill. ;  |c 32 cm. 
490 0 |a Ivories from Nimrud (1949-1963) ;   |v 4/1-2. 
504 |a Includes bibliographical references (v. 1, p. 63-69) and indexes. 
505 0 |a 1. Commentary and catalogue -- 2. Plates. 
650 0 |a Ivories, Ancient  |z Syria  |x Catalogs. 
650 0 |a Ivories  |z Syria  |x Catalogs. 
650 0 |a Ivories, Ancient  |z Palestine  |x Catalogs. 
650 0 |a Ivories  |z Palestine  |x Catalogs. 
650 0 |a Ivories  |z Iraq  |z Calah (Extinct city)  |x Catalogs. 
710 2 |a British School of Archaeology in Iraq. 
901 |a reviewed 
942 |2 lcc  |c BK